[Event "Lagos South West op"]
[Site "Lagos"]
[Date "2023.07.12"]
[Round "1"]
[White "Okeke, Isaac Chukwudalu"]
[Black "Peace, Samson"]
[Result "1-0"]
[WhiteElo "2153"]
[BlackElo "1776"]
[PlyCount "39"]
[EventDate "2023.07.12"]
[EventType "swiss"]
[EventRounds "9"]
[EventCountry "NGR"]
[SourceTitle "CBM 215 Extra"]
[Source "ChessBase"]
[SourceDate "2023.09.30"]
[SourceVersion "1"]
[SourceVersionDate "2023.09.30"]
[SourceQuality "1"]

1. e4 c5 2. Nf3 d6 3. d4 cxd4 4. Nxd4 Nf6 5. Nc3 g6 6. Be2 Bg7 7. Be3 Bd7 8. g4 Qa5 9. Nb3 Qd8 10. g5 Ng8 11. Qd2 Nc6 12. 0-0-0 Bf8 13. Nd5 e6 14. Qc3 e5 15. Qd2 Be6 16. f4 Bxd5 17. exd5 Nb8 18. fxe5 dxe5 19. d6 Nd7 20. Qd5 1-0

[Event "Online Olym Div4 C"]
[Site "Chess.com INT"]
[Date "2020.07.31"]
[Round "2.2"]
[White "Namangale, Susan"]
[Black "Peace, Samson"]
[Result "0-1"]
[WhiteElo "1343"]
[BlackElo "1718"]
[PlyCount "102"]
[EventDate "2020.07.31"]
[EventType "team-tourn (rapid)"]
[EventRounds "9"]
[EventCountry "USA"]
[SourceTitle "CBM 198"]
[Source "ChessBase"]
[SourceDate "2020.10.31"]
[SourceVersion "1"]
[SourceVersionDate "2020.10.31"]
[SourceQuality "1"]
[WhiteTeam "Malawi"]
[BlackTeam "Nigeria"]
[WhiteTeamCountry "MWI"]
[BlackTeamCountry "NGR"]

1. d4 Nf6 2. Nf3 g6 3. g3 Bg7 4. Bg2 c5 5. 0-0 cxd4 6. Nxd4 0-0 7. Nc3 Nc6 8. Nxc6 dxc6 9. Qxd8 Rxd8 10. Bg5 Bf5 11. e4 Be6 12. b3 h6 13. Be3 Ng4 14. Bc1 Bxc3 15. Rb1 Bg7 16. h3 Nf6 17. f4 Rd4 18. Bb2 Rd2 19. e5 Nh5 20. Kh2 Bh8 21. g4 Ng7 22. f5 Bd5 23. Rg1 Rxc2 24. fxg6 fxg6 25. Kh1 Bxg2+ 26. Rxg2 Rxg2 27. Kxg2 Rd8 28. Bc3 Ne6 29. Rf1 Rd3 30. Bb4 Bxe5 31. Rf3 Nf4+ 32. Kf2 Nxh3+ 33. Ke2 Rd4 34. Rxh3 Rxb4 35. Rxh6 Rxg4 36. Rh5 Bd6 37. Rh3 Rg2+ 38. Kd3 Rg3+ 39. Rxg3 Bxg3 40. Ke3 Kg7 41. Kf3 Bd6 42. Kg4 Kh6 43. Kh4 e5 44. Kg4 e4 45. Kh3 e3 46. Kg2 g5 47. Kf1 g4 48. Ke2 Bf4 49. a4 Kg5 50. b4 Kh4 51. a5 Kh3 0-1

[Event "Online Olym Div4 C"]
[Site "Chess.com INT"]
[Date "2020.07.31"]
[Round "1.4"]
[White "Peace, Samson"]
[Black "Girmay, Feven Gebremeskel"]
[Result "1-0"]
[WhiteElo "1718"]
[BlackElo "1417"]
[PlyCount "35"]
[EventDate "2020.07.31"]
[EventType "team-tourn (rapid)"]
[EventRounds "9"]
[EventCountry "USA"]
[SourceTitle "CBM 198"]
[Source "ChessBase"]
[SourceDate "2020.10.31"]
[SourceVersion "1"]
[SourceVersionDate "2020.10.31"]
[SourceQuality "1"]
[WhiteTeam "Nigeria"]
[BlackTeam "Ethiopia"]
[WhiteTeamCountry "NGR"]
[BlackTeamCountry "ETH"]

1. e4 c5 2. Nf3 d6 3. Bc4 Nf6 4. Nc3 Nc6 5. h3 g6 6. a3 Bg7 7. d3 a6 8. 0-0 0-0 9. Be3 b5 10. Ba2 Bb7 11. Qd2 Re8 12. Bh6 Nd7 13. Bxg7 Kxg7 14. Qg5 Nde5 15. Nh4 h6 16. Nf5+ Kf8 17. Qxh6+ Kg8 18. Qg7# 1-0